|
|
|
|
| LEADER |
02455nam a2200625 i 4500 |
| 001 |
001544381 |
| 003 |
CZ BrMZK |
| 005 |
20161018123717.0 |
| 007 |
ta |
| 008 |
160921s2015 xxuacf e 001 1aeng |
| 020 |
|
|
|a 978-1-4767-5574-8
|q (brožováno)
|
| 040 |
|
|
|a BOA001
|b cze
|e rda
|
| 043 |
|
|
|a n-us---
|a e-ru---
|
| 044 |
|
|
|a xxu
|a at
|a ii
|a xxc
|a xxk
|
| 045 |
|
|
|a x9y1
|
| 072 |
|
7 |
|a 323
|x Vnitropolitický vývoj, politický život
|2 Konspekt
|9 15
|
| 072 |
|
7 |
|a 929
|x Biografie
|2 Konspekt
|9 8
|
| 080 |
|
|
|a 658.114-051
|2 MRF
|
| 080 |
|
|
|a 336.7-051
|2 MRF
|
| 080 |
|
|
|a 929
|2 MRF
|
| 080 |
|
|
|a 339.727.22
|2 MRF
|
| 080 |
|
|
|a 336.714
|2 MRF
|
| 080 |
|
|
|a 328.185
|2 MRF
|
| 080 |
|
|
|a 343.35
|2 MRF
|
| 080 |
|
|
|a 343.37
|2 MRF
|
| 080 |
|
|
|a 342.7
|2 MRF
|
| 080 |
|
|
|a (73)
|2 MRF
|
| 080 |
|
|
|a (470+571)
|2 MRF
|
| 080 |
|
|
|a (0:82-96)
|2 MRF
|
| 080 |
|
|
|a (0:82-322.6)
|2 MRF
|
| 100 |
1 |
|
|a Browder, Bill,
|d 1964-
|7 hka2015860965
|4 aut
|
| 245 |
1 |
0 |
|a Red notice :
|b a true story of high finance, murder, and one man's fight for justice /
|c Bill Browder
|
| 250 |
|
|
|a First Simon & Schuster paperback edition
|
| 264 |
|
1 |
|a New York ;
|a London ;
|a Toronto ;
|a Sydney ;
|a New Delhi :
|b Simon & Schuster Paperbacks,
|c 2015
|
| 300 |
|
|
|a 396 stran, 8 nečíslovaných stran obrazových příloh :
|b ilustrace, portréty ;
|c 22 cm
|
| 336 |
|
|
|a text
|b txt
|2 rdacontent
|
| 337 |
|
|
|a bez média
|b n
|2 rdamedia
|
| 338 |
|
|
|a svazek
|b nc
|2 rdacarrier
|
| 500 |
|
|
|a Obsahuje rejstřík
|
| 600 |
1 |
7 |
|a Browder, Bill,
|d 1964-
|7 hka2015860965
|2 czenas
|
| 648 |
|
7 |
|a 20.-21. století
|7 ch462155
|2 czenas
|
| 648 |
|
7 |
|a 1991-2010
|7 ch460599
|2 czenas
|
| 650 |
0 |
7 |
|a podnikatelé
|7 ph124163
|z Spojené státy americké
|y 20.-21. století
|2 czenas
|
| 650 |
0 |
7 |
|a finančníci
|7 ph120244
|z Spojené státy americké
|y 20.-21. století
|2 czenas
|
| 650 |
0 |
7 |
|a zahraniční investice
|7 ph116728
|z Rusko
|y 1991-2010
|2 czenas
|
| 650 |
0 |
7 |
|a investiční fondy
|7 ph121171
|z Rusko
|y 1991-2010
|2 czenas
|
| 650 |
0 |
7 |
|a korupce
|7 ph121881
|z Rusko
|y 1991-2010
|2 czenas
|
| 650 |
0 |
7 |
|a finanční kriminalita
|7 ph114550
|z Rusko
|y 1991-2010
|2 czenas
|
| 650 |
0 |
7 |
|a lidská práva
|7 ph122331
|z Rusko
|y 1991-2010
|2 czenas
|
| 655 |
|
7 |
|a literatura faktu
|7 fd132773
|2 czenas
|
| 655 |
|
7 |
|a autobiografické příběhy
|7 fd131891
|2 czenas
|
| 910 |
|
|
|a BOA001
|b 2-1375.171
|
| 990 |
|
|
|a BK
|
| 991 |
|
|
|b 201610
|c NOV
|
| 996 |
7 |
|
|b 2610682749
|c 2-1375.171
|l Americká knihovna/3.patro
|r ZHR
|n 10
|p dar
|h 33 BRO
|w 001579825
|u 000010
|a 0
|e BOA001
|j MZK50
|s A
|